Diseño hidráulico de un banco de pruebas para hidrómetros utilizados por el Instituto Costarricense de Acueductos y Alcantarillados

Tallennettuna:
Bibliografiset tiedot
Päätekijä: Madrigal Cordero, José Rubén
Muut tekijät: Monge Carranza, Pablo César
Aineistotyyppi: Kirja
Kieli:Spanish
Julkaistu: [San José, Costa Rica] 2012
Aiheet:
Tagit: Lisää tagi
Ei tageja, Lisää ensimmäinen tagi!

MARC

LEADER 00000nam a22000007a 4500
003 010891
005 20221231143922.0
008 151022b2012 cr a|||| |||| 00| 0 spa d
040 |c cru CEDI 
090 |a TFG 6713 
100 |9 1687  |a Madrigal Cordero, José Rubén  
245 |a  Diseño hidráulico de un banco de pruebas para hidrómetros utilizados por el Instituto Costarricense de Acueductos y Alcantarillados  
260 |a [San José, Costa Rica]  |c  2012 
500 |a Tesis (licenciatura en ingeniería mecánica)--Universidad de Costa Rica. Facultad de Ingeniería. Escuela de Ingeniería Mecánica 
650 |x BANCO DE PRUEBAS - DISEÑO Y CONSTRUCCIÓN  |x BANCO DE PRUEBAS - EQUIPO Y ACCESORIOS - DISEÑO Y CONSTRUCCIÓN  |x HIDROMETROS - CALIBRACION   |x INSTITUTO COSTARRICENSE DE ACUEDUCTOS Y ALCANTARILLADOS  |x INSTITUTO COSTARRICENSE DE ACUEDUCTOS Y ALCANTARILLADOS. UNIDAD ESTRATEGICA DE NEGOCIOS DE INVESTIGACIÓN Y DESARROLLO. DEPARTAMENTO DE MEDICIÓN. TALLER Y LABORATORIO NACIONAL DE HIDROMETROS   |x SUMINISTRO DE AGUA - MEDICIONES  |x INGENIERÍA HIDRAÚLICA  |9 1689 
700 |9 1688  |a Monge Carranza, Pablo César 
942 |c TFG 
999 |c 14231  |d 14231